[Event "Barcelona Edami op 8th"]
[Site "Barcelona"]
[Date "2010.02.09"]
[Round "2.3"]
[White "Zancas Vidal, Francisco Miguel"]
[Black "Nikoladze, Sopio"]
[Result "0-1"]
[WhiteElo "2001"]
[BlackElo "2179"]
[PlyCount "72"]
[EventDate "2010.02.02"]
[EventType "swiss"]
[EventRounds "8"]
[EventCountry "ESP"]
[SourceTitle "EXT 2024"]
[Source "ChessBase"]
[SourceDate "2023.10.10"]
[SourceVersion "1"]
[SourceVersionDate "2023.10.10"]
[SourceQuality "1"]

1. e4 d6 2. d4 Nf6 3. Nc3 Nbd7 4. h3 e5 5. Nge2 c6 6. g4 g6 7. Bg2 Bg7 8. Be3 0-0 9. 0-0 a6 10. a4 Rb8 11. a5 Re8 12. Qd2 exd4 13. Bxd4 c5 14. Be3 Ne5 15. Bg5 h6 16. Bxf6 Qxf6 17. f4 Nc4 18. Qc1 Qd8 19. f5 Qh4 20. Ra4 b5 21. axb6 Nxb6 22. Ra2 Bb7 23. fxg6 fxg6 24. Qd1 Nc4 25. Qd3 d5 26. exd5 Ne3 27. Qxg6 Nxf1 28. Bxf1 Qe1 29. Ne4 Rf8 30. Qe6+ Kh8 31. N2g3 Rbe8 32. Qd7 Rxe4 33. Nf5 Rxf5 34. Qxf5 Qg3+ 35. Kh1 Rf4 36. Ra3 Bxd5+ 0-1

[Event "Badalona op"]
[Site "Badalona"]
[Date "1999.??.??"]
[Round "?"]
[White "Belezky, Alexander"]
[Black "Zancas Vidal, Francisco Miguel"]
[Result "1/2-1/2"]
[WhiteElo "2466"]
[BlackElo "2119"]
[PlyCount "82"]
[EventDate "1999.??.??"]
[EventType "swiss"]
[EventRounds "9"]
[EventCountry "ESP"]
[SourceTitle "EXT 2001"]
[Source "ChessBase"]
[SourceDate "2000.11.22"]
[SourceVersion "1"]
[SourceVersionDate "2000.11.22"]
[SourceQuality "1"]

1. Nf3 d5 2. b3 Nf6 3. Bb2 g6 4. g3 Bg7 5. Bg2 0-0 6. 0-0 c5 7. d3 Nc6 8. Nbd2 Qc7 9. c4 d4 10. a3 a5 11. Ne1 h5 12. Nc2 h4 13. b4 h3 14. Bh1 axb4 15. axb4 Rxa1 16. Qxa1 b6 17. Nb3 Nd7 18. Qa4 Bb7 19. bxc5 Ra8 20. cxb6 Nxb6 21. Qb5 Ra2 22. Rb1 e5 23. Nb4 Nxb4 24. Qxb4 Bxh1 25. Kxh1 Bf8 26. Qb5 Na4 27. Nc1 Rxb2 28. Rxb2 Nxb2 29. Qxb2 Qa7 30. Kg1 Ba3 31. Qc2 Kg7 32. Nb3 Bc5 33. f3 g5 34. Nxc5 Qa1+ 35. Kf2 Qh1 36. Ne6+ fxe6 37. Qa4 Qxh2+ 38. Ke1 Qg1+ 39. Kd2 Qe3+ 40. Kd1 Qg1+ 41. Kc2 h2 1/2-1/2

[Event "Badalona op"]
[Site "Badalona"]
[Date "1996.??.??"]
[Round "3"]
[White "Marin, Mihail"]
[Black "Zancas Vidal, Francisco Miguel"]
[Result "1-0"]
[WhiteElo "2545"]
[BlackElo "2125"]
[PlyCount "63"]
[EventDate "1996.??.??"]
[EventType "swiss"]
[EventRounds "9"]
[EventCountry "ESP"]
[SourceTitle "EXT 2004"]
[Source "ChessBase"]
[SourceDate "2003.11.25"]
[SourceVersion "1"]
[SourceVersionDate "2003.11.25"]
[SourceQuality "1"]

1. Nf3 Nc6 2. c4 e5 3. Nc3 Bc5 4. e3 d6 5. a3 a6 6. b4 Ba7 7. Bb2 Nf6 8. Qc2 Bg4 9. Be2 0-0 10. h3 Bh5 11. d3 h6 12. Nh4 Bxe2 13. Nxe2 d5 14. Nf5 Qd7 15. g4 Rad8 16. c5 Qe6 17. f4 g6 18. Nxh6+ Kh7 19. g5 Nh5 20. 0-0-0 exf4 21. exf4 Rde8 22. Rde1 f5 23. Qd2 Qe3 24. Qxe3 Rxe3 25. Nd4 Rfe8 26. Rxe3 Rxe3 27. Nxc6 bxc6 28. Kd2 Re7 29. Ng4 Re2+ 30. Kxe2 Ng3+ 31. Kf3 Nxh1 32. Ne5 1-0